000 00629nam a2200217Ia 4500
001 8450
003 GE_BSU
008 181216s||||||||xx |||||||||||||| ||und||
040 _cGE_BSU
080 _a821.353.1-11
100 _aეული, სანდრო
245 _aარწივის ბუდიდან
245 _cრედ.: გ.ნატროშვილი
260 _aთბილისი.
260 _bსაბჭ. მწერალი
260 _c1945
300 _a64 გვ; 16 სმ.
653 _aარწივის ბუდიდან
653 _aპოემა
942 _cBK
999 _c41769
_d41769